[Event "Mindsports Open 5th"]
[Site "London"]
[Date "2025.08.15"]
[Round "4.34"]
[White "Zhou, Yang-Fan"]
[Black "Sachdeva, Ronit"]
[Result "1-0"]
[WhiteElo "2406"]
[BlackElo "2058"]
[PlyCount "81"]
[EventDate "2025.08.13"]
[EventType "swiss"]
[EventRounds "9"]
[EventCountry "ENG"]
[SourceTitle "BritBase"]
[Source "John Saunders"]
[SourceDate "2025.08.18"]
[SourceVersion "1"]
[SourceVersionDate "2025.08.18"]
[SourceQuality "1"]

1. e4 e5 2. Nf3 Nc6 3. Bc4 Bc5 4. d3 Nf6 5. Bg5 h6 6. Bh4 Be7 7. O-O d6 8. a4 Be6 9. Bxf6 Bxf6 10. Nc3 O-O 11. a5 a6 12. Nd5 g6 13. c3 Bg7 14. Ne3 Qd7 15. b4 Ne7 16. Qb3 Rfd8 17. Rfe1 c6 18. Bxe6 fxe6 19. Nc4 Nc8 20. Rad1 Kh7 21. d4 exd4 22. cxd4 Re8 23. Qc2 Qc7 24. h4 e5 25. dxe5 dxe5 26. Rd2 Na7 27. Red1 Rad8 28. Rxd8 Rxd8 29. Rxd8 Qxd8 30. Ncxe5 Qe7 31. Nc4 Bf8 32. e5 Kg7 33. Nd6 Nb5 34. h5 Nxd6 35. Qxg6+ Kh8 36. exd6 Qxd6 37. Qf5 Qxb4 38. Ne5 Bg7 39. Ng6+ Kg8 40. Qe6+ Kh7 41. Ne7 1-0

[Event "Mindsports Open 5th"]
[Site "London"]
[Date "2025.08.15"]
[Round "4.35"]
[White "Udovenko, Daniel"]
[Black "Bin-Suhayl, Ieysaa"]
[Result "1/2-1/2"]
[WhiteElo "1870"]
[BlackElo "2217"]
[PlyCount "59"]
[EventDate "2025.08.13"]
[EventType "swiss"]
[EventRounds "9"]
[EventCountry "ENG"]
[SourceTitle "BritBase"]
[Source "John Saunders"]
[SourceDate "2025.08.18"]
[SourceVersion "1"]
[SourceVersionDate "2025.08.18"]
[SourceQuality "1"]

1. e4 c5 2. Nf3 d6 3. d4 cxd4 4. Nxd4 Nf6 5. Nc3 a6 6. h3 e5 7. Nb3 Be6 8. f4 Nc6 9. Bd3 d5 10. f5 dxe4 11. fxe6 exd3 12. exf7+ Kxf7 13. O-O dxc2 14. Qxc2 Be7 15. Be3 Ke8 16. Rad1 Qc8 17. Qe2 Qe6 18. Nc5 Bxc5 19. Bxc5 Rd8 20. Ne4 Nxe4 21. Qxe4 Rd7 22. Qxh7 Rg8 23. b3 Kd8 24. Rxd7+ Kxd7 25. Rf8 Rxf8 26. Bxf8 Kc8 27. Qxg7 Nd4 28. Qe7 Qf5 29. Qc5+ Kd7 30. Qd6+ 1/2-1/2

[Event "Mindsports Open 5th"]
[Site "London"]
[Date "2025.08.15"]
[Round "4.36"]
[White "Wang, Luoke"]
[Black "Lishoy Gengis Paratazham, Dildarav"]
[Result "0-1"]
[WhiteElo "1944"]
[BlackElo "2093"]
[PlyCount "94"]
[EventDate "2025.08.13"]
[EventType "swiss"]
[EventRounds "9"]
[EventCountry "ENG"]
[SourceTitle "BritBase"]
[Source "John Saunders"]
[SourceDate "2025.08.18"]
[SourceVersion "1"]
[SourceVersionDate "2025.08.18"]
[SourceQuality "1"]

1. d4 Nf6 2. g3 e6 3. c4 Bb4+ 4. Bd2 Be7 5. Bg2 d5 6. Nf3 O-O 7. O-O c6 8. Qc2 Nbd7 9. Rd1 Ne4 10. Nc3 f5 11. Ne1 Ndf6 12. f3 Nxc3 13. Qxc3 Bd7 14. Nd3 Be8 15. Ne5 Nd7 16. Nxd7 Qxd7 17. e4 Bf7 18. Be3 Rac8 19. Rac1 b6 20. b4 Bh5 21. Re1 h6 22. Qb3 Bf7 23. cxd5 cxd5 24. exf5 exf5 25. Bf4 Rc4 26. a3 Bf6 27. Be5 Bxe5 28. dxe5 Rfc8 29. Rxc4 dxc4 30. Qc3 b5 31. f4 Rd8 32. Rc1 Be6 33. Bf3 a6 34. Kg2 Bd5 35. Bxd5+ Qxd5+ 36. Kg1 Qc6 37. Qe3 Rd3 38. Qc5 Qe4 39. Rf1 Rd5 40. Qc8+ Kh7 41. g4 Rd2 42. Qxf5+ Qxf5 43. gxf5 c3 44. e6 Kg8 45. e7 Kf7 46. Re1 Ke8 47. Rc1 c2 0-1

[Event "Mindsports Open 5th"]
[Site "London"]
[Date "2025.08.15"]
[Round "4.37"]
[White "Zadvorny, Roman"]
[Black "Kovacs, Zoltan"]
[Result "1-0"]
[WhiteElo "1931"]
[BlackElo "2086"]
[PlyCount "103"]
[EventDate "2025.08.13"]
[EventType "swiss"]
[EventRounds "9"]
[EventCountry "ENG"]
[SourceTitle "BritBase"]
[Source "John Saunders"]
[SourceDate "2025.08.18"]
[SourceVersion "1"]
[SourceVersionDate "2025.08.18"]
[SourceQuality "1"]

1. b4 d5 2. Bb2 c6 3. e3 Qb6 4. a3 a5 5. b5 Nf6 6. Nf3 Bg4 7. c4 Nbd7 8. Nc3 e6 9. d4 dxc4 10. Bxc4 Bd6 11. h3 Bh5 12. Rc1 c5 13. Na4 Qc7 14. O-O b6 15. Qe2 Qb7 16. Rfd1 Ke7 17. g4 Bg6 18. Ne5 Bxe5 19. dxe5 Ne4 20. f3 Ng5 21. Kg2 Nxf3 22. Bd5 exd5 23. Kxf3 Nf8 24. Kf2 Ne6 25. Nc3 Rad8 26. Qf3 Be4 27. Nxe4 dxe4 28. Qf5 Rd5 29. Kg3 Rhd8 30. Rf1 Ke8 31. Qxh7 Qe7 32. h4 Rd3 33. Qxe4 Rb3 34. Rf2 Rdd3 35. Re1 Qd7 36. Bc1 g6 37. Ref1 Rd4 38. Qc6 Nd8 39. e6 Nxe6 40. Rxf7 Qxc6 41. bxc6 Rd6 42. R7f6 Rxc6 43. Rxg6 Rd3 44. h5 Ke7 45. h6 Rc8 46. g5 c4 47. h7 Rdd8 48. Kg4 c3 49. Rff6 Rc4+ 50. Kh5 Nxg5 51. Kxg5 Rdd4 52. Kh6 1-0

[Event "Mindsports Open 5th"]
[Site "London"]
[Date "2025.08.15"]
[Round "4.38"]
[White "Rahman, K Azizur"]
[Black "Leong, Aiden"]
[Result "1/2-1/2"]
[WhiteElo "1921"]
[BlackElo "2068"]
[PlyCount "133"]
[EventDate "2025.08.13"]
[EventType "swiss"]
[EventRounds "9"]
[EventCountry "ENG"]
[SourceTitle "BritBase"]
[Source "John Saunders"]
[SourceDate "2025.08.18"]
[SourceVersion "1"]
[SourceVersionDate "2025.08.18"]
[SourceQuality "1"]

1. c4 e6 2. g3 d5 3. Bg2 Nf6 4. Nc3 d4 5. Ne4 Nxe4 6. Bxe4 f5 7. Bg2 Be7 8. d3 O-O 9. Nf3 Nc6 10. a3 a5 11. Bf4 g5 12. Bd2 g4 13. Ng1 Bd7 14. f4 Bf6 15. Rb1 a4 16. e4 dxe3 17. Bxe3 Na5 18. Ne2 Qe8 19. O-O Bc6 20. Qc2 Bxg2 21. Kxg2 Qc6+ 22. Kg1 Rfd8 23. Rbd1 Rd7 24. Nc3 Nb3 25. Nb5 Rad8 26. Qe2 b6 27. Rfe1 Kf7 28. Bf2 Nd4 29. Bxd4 Bxd4+ 30. Nxd4 Rxd4 31. Rd2 Qd6 32. Red1 Rg8 33. Re1 c5 34. Red1 Qc6 35. Qg2 Qxg2+ 36. Kxg2 Rgd8 37. Kf2 e5 38. fxe5 Ke6 39. Ke3 Kxe5 40. Rc1 f4+ 41. gxf4+ Kf5 42. Rc3 Re8+ 43. Kf2 h5 44. b4 h4 45. Rc1 Rxf4+ 46. Kg1 Re3 47. bxc5 bxc5 48. Rb1 h3 49. Rdd1 Rd4 50. Rb5 Rdxd3 51. Rxc5+ Ke4 52. Rf1 Kd4 53. Rg5 g3 54. Rf4+ Kc3 55. Rxg3 Rxg3+ 56. hxg3 Rxg3+ 57. Kh2 Rd3 58. c5 Kb3 59. Rh4 Rd2+ 60. Kxh3 Kxa3 61. Rc4 Kb3 62. Rc1 a3 63. c6 Rd8 64. c7 Rc8 65. Rc6 Kb4 66. Rc2 Kb3 67. Rc6 1/2-1/2

[Event "Mindsports Open 5th"]
[Site "London"]
[Date "2025.08.15"]
[Round "4.39"]
[White "Leung, Hao Ran"]
[Black "Bharat Kumar, Balahari"]
[Result "1/2-1/2"]
[WhiteElo "1915"]
[BlackElo "2052"]
[PlyCount "100"]
[EventDate "2025.08.13"]
[EventType "swiss"]
[EventRounds "9"]
[EventCountry "ENG"]
[SourceTitle "BritBase"]
[Source "John Saunders"]
[SourceDate "2025.08.18"]
[SourceVersion "1"]
[SourceVersionDate "2025.08.18"]
[SourceQuality "1"]

1. Nf3 d5 2. g3 Nf6 3. Bg2 b5 4. O-O e6 5. d3 Be7 6. e4 c5 7. exd5 exd5 8. c4 b4 9. d4 O-O 10. dxc5 Bxc5 11. Bg5 Bb7 12. Nbd2 Nbd7 13. cxd5 h6 14. Bxf6 Nxf6 15. Nb3 Bb6 16. d6 Ne4 17. d7 Qf6 18. Nfd4 Rad8 19. Qg4 h5 20. Qf4 Qxf4 21. gxf4 Rxd7 22. Nf5 Rc8 23. Ne3 g6 24. Rfd1 Rcd8 25. Rxd7 Rxd7 26. Rc1 Rd3 27. Bxe4 Bxe4 28. Nc5 Rd5 29. Nb3 Rd8 30. Rc4 f5 31. Rxb4 Rd3 32. Rc4 Bf3 33. Rc1 Kf7 34. Nc4 Bc7 35. Ne5+ Bxe5 36. fxe5 Rd5 37. h4 Rxe5 38. Nd4 Bd5 39. Rc5 Re1+ 40. Kh2 Bxa2 41. Ra5 Bc4 42. Rxa7+ Kf6 43. Rd7 Rb1 44. b3 Bxb3 45. Rb7 Ba2 46. Rxb1 Bxb1 47. f4 Be4 48. Kg3 Ke7 49. Ne2 Kd6 50. Ng1 Kd5 1/2-1/2

[Event "Mindsports Open 5th"]
[Site "London"]
[Date "2025.08.15"]
[Round "4.40"]
[White "Choong, Han-Sen"]
[Black "Patel, Zain"]
[Result "1-0"]
[WhiteElo "1836"]
[BlackElo "2048"]
[PlyCount "99"]
[EventDate "2025.08.13"]
[EventType "swiss"]
[EventRounds "9"]
[EventCountry "ENG"]
[SourceTitle "BritBase"]
[Source "John Saunders"]
[SourceDate "2025.08.18"]
[SourceVersion "1"]
[SourceVersionDate "2025.08.18"]
[SourceQuality "1"]

1. d4 Nf6 2. c4 e6 3. g3 d5 4. Bg2 dxc4 5. Qa4+ Nbd7 6. Qxc4 c5 7. Nf3 a6 8. Qb3 Be7 9. O-O O-O 10. Rd1 Qc7 11. Bf4 Bd6 12. Bxd6 Qxd6 13. dxc5 Qxc5 14. Na3 Nd5 15. Rac1 Qe7 16. e4 N5f6 17. Rc7 Ne8 18. Rcc1 b6 19. Nd4 Bb7 20. Nc6 Bxc6 21. Rxc6 Rd8 22. Rcc1 Nef6 23. Qe3 Qb4 24. Rd4 Qe7 25. e5 Ne8 26. Qd2 f6 27. Nc4 Rf7 28. exf6 Nexf6 29. Ne5 Nxe5 30. Rxd8+ Rf8 31. Rxf8+ Qxf8 32. Qd4 Ned7 33. Bc6 Qc8 34. Qe3 Nc5 35. Bg2 a5 36. a3 a4 37. Rd1 Qe8 38. Bh3 Qc6 39. Bg2 Qb5 40. h3 Qxb2 41. g4 Qb3 42. Rd8+ Kf7 43. Qf4 h6 44. h4 Qxa3 45. g5 hxg5 46. hxg5 Qa1+ 47. Bf1 e5 48. Qc4+ Ne6 49. gxf6 b5 50. Qxe6+ 1-0

[Event "Mindsports Open 5th"]
[Site "London"]
[Date "2025.08.15"]
[Round "4.41"]
[White "Sanitt, Ethan"]
[Black "Mokhber-Garcia, Sebastian"]
[Result "1-0"]
[WhiteElo "2033"]
[BlackElo "1962"]
[PlyCount "113"]
[EventDate "2025.08.13"]
[EventType "swiss"]
[EventRounds "9"]
[EventCountry "ENG"]
[SourceTitle "BritBase"]
[Source "John Saunders"]
[SourceDate "2025.08.18"]
[SourceVersion "1"]
[SourceVersionDate "2025.08.18"]
[SourceQuality "1"]

1. c4 e5 2. g3 Nf6 3. Bg2 d5 4. cxd5 Nxd5 5. Nc3 Nb6 6. Nf3 Nc6 7. O-O Be7 8. d3 O-O 9. a3 Be6 10. b4 a6 11. Bb2 f5 12. Rc1 Bf6 13. Nd2 Bg5 14. Ncb1 Bd5 15. Bxd5+ Nxd5 16. Rc4 Nb6 17. Rxc6 bxc6 18. Bxe5 a5 19. Qb3+ Kh8 20. Rc1 axb4 21. axb4 Qe7 22. f4 Bf6 23. Nf3 Nd5 24. Rxc6 Qxb4 25. Qxd5 Qxb1+ 26. Kg2 Qa2 27. Qxa2 Rxa2 28. Rxc7 Raa8 29. d4 Rad8 {(=)} 30. Bxf6 Rxf6 31. Ne5 Kg8 32. e3 Ra6 33. Kf3 h6 34. Nc6 Rf8 35. h3 Kh7 36. d5 Rf6 37. Rd7 h5 38. Nd4 Rad6 39. Rxd6 Rxd6 40. e4 g6 41. g4 hxg4+ 42. hxg4 fxe4+ 43. Kxe4 Kg7 44. Ke5 Ra6 45. Ne6+ Kf7 46. Ng5+ Ke7 47. Ne4 Ra5 48. f5 gxf5 49. gxf5 Ra1 50. f6+ Kf7 51. Nd6+ Kf8 52. Ke6 Ra2 53. Nc4 Ra7 54. Ne5 Kg8 55. f7+ Kg7 56. Nd7 Ra6+ 57. Ke7 1-0

[Event "Mindsports Open 5th"]
[Site "London"]
[Date "2025.08.15"]
[Round "4.42"]
[White "White, Chris"]
[Black "Verbytski, Oleg"]
[Result "1/2-1/2"]
[WhiteElo "1817"]
[BlackElo "2001"]
[PlyCount "52"]
[EventDate "2025.08.13"]
[EventType "swiss"]
[EventRounds "9"]
[EventCountry "ENG"]
[SourceTitle "BritBase"]
[Source "John Saunders"]
[SourceDate "2025.08.18"]
[SourceVersion "1"]
[SourceVersionDate "2025.08.18"]
[SourceQuality "1"]

1. d4 d5 2. Nf3 e6 3. e3 Nf6 4. Nbd2 Be7 5. a3 O-O 6. b3 b6 7. Bb2 Bb7 8. Bd3 c5 9. O-O Nbd7 10. Ne5 Ne4 11. Bxe4 dxe4 12. Ndc4 Nf6 13. dxc5 Bxc5 14. h3 Qc7 15. Ng4 Nxg4 16. Qxg4 f5 17. Qg5 Qe7 18. Qxe7 Bxe7 19. Rfd1 Rfd8 20. Ne5 Rac8 21. c4 Bf6 22. Kf1 {(=)} Ba6 23. a4 Rd5 24. a5 Bxe5 25. Bxe5 Rxe5 26. axb6 Bxc4+ 1/2-1/2

[Event "Mindsports Open 5th"]
[Site "London"]
[Date "2025.08.15"]
[Round "4.43"]
[White "Kapechun, Mikhailo"]
[Black "Ding, Yiwen"]
[Result "1-0"]
[WhiteElo "1985"]
[BlackElo "1844"]
[PlyCount "111"]
[EventDate "2025.08.13"]
[EventType "swiss"]
[EventRounds "9"]
[EventCountry "ENG"]
[SourceTitle "BritBase"]
[Source "John Saunders"]
[SourceDate "2025.08.18"]
[SourceVersion "1"]
[SourceVersionDate "2025.08.18"]
[SourceQuality "1"]

1. e4 c6 2. d4 d5 3. e5 e6 4. Bd3 c5 5. c3 Nc6 6. Nf3 Nge7 7. O-O cxd4 8. cxd4 Nf5 9. Bxf5 exf5 10. Nc3 Be6 11. h4 h6 12. Ne2 Be7 13. h5 Qd7 14. Nf4 O-O 15. Bd2 Rac8 16. Qb3 Rc7 17. a4 Rfc8 18. a5 Nb8 19. Bc3 Na6 20. Nd3 Kh8 21. Bd2 Rc4 22. g3 Kh7 23. Kg2 Kh8 24. Rfd1 Kh7 25. Be3 Nb4 26. Nfe1 Nc2 27. Nxc2 Rxc2 28. Ne1 R2c6 29. Nd3 Qc7 30. Nf4 Qd7 31. Qb5 R6c7 32. Qe2 Rc2 33. Rd2 R2c4 34. b3 Rc3 35. Rb1 Bb4 36. Ra2 Qc6 37. Qd1 Qb5 38. Bd2 R3c7 39. Bxb4 Qxb4 40. Ra4 Qb5 41. Qd3 Qd7 42. Rb4 Qe7 43. Ra4 Rc3 44. Qd2 Bd7 45. Ra2 Bb5 46. Kg1 Qd7 47. Raa1 Rc2 48. Qe1 Qc6 49. Qd1 Qc3 50. Nxd5 Qc6 51. Nb4 Qe4 52. Nxc2 Rxc2 53. d5 Be2 54. Ra4 Qf3 55. Qxc2 Qxh5 56. Rh4 1-0

[Event "Mindsports Open 5th"]
[Site "London"]
[Date "2025.08.15"]
[Round "4.44"]
[White "Lee, Kah Meng Elgin"]
[Black "Fil, Alkim Alper"]
[Result "1/2-1/2"]
[WhiteElo "2036"]
[BlackElo "1900"]
[PlyCount "76"]
[EventDate "2025.08.13"]
[EventType "swiss"]
[EventRounds "9"]
[EventCountry "ENG"]
[SourceTitle "BritBase"]
[Source "John Saunders"]
[SourceDate "2025.08.18"]
[SourceVersion "1"]
[SourceVersionDate "2025.08.18"]
[SourceQuality "1"]

1. d4 Nf6 2. c4 c5 3. d5 b5 4. cxb5 a6 5. b6 e6 6. Nc3 Nxd5 7. Nxd5 exd5 8. Qxd5 Nc6 9. Nf3 Rb8 10. Ne5 Qf6 11. Nxc6 dxc6 12. Qe4+ Be7 13. g3 O-O 14. Bg2 Rxb6 15. O-O Bf5 16. Qf3 Be6 17. Qc3 Qxc3 18. bxc3 Bc4 19. Bf3 Rd8 20. Bf4 Rb2 21. Rfb1 Rc2 22. Rc1 Rxa2 23. Rxa2 Bxa2 24. Bxc6 Bc4 25. Kf1 g5 26. Be3 Rb8 27. Be4 Rb2 28. Bd3 Bb5 29. c4 Bc6 30. Ra1 Bb7 31. Ra5 h6 32. Bxc5 Bf6 33. Be3 Bc3 34. Ra3 Bb4 35. Ra1 a5 36. Bd4 Rd2 37. Be3 Rb2 38. Bd4 Rd2 1/2-1/2

[Event "Mindsports Open 5th"]
[Site "London"]
[Date "2025.08.15"]
[Round "4.46"]
[White "Wastney, Dylan"]
[Black "Oupindrin, Narayanin"]
[Result "1-0"]
[WhiteElo "1981"]
[BlackElo "1875"]
[PlyCount "83"]
[EventDate "2025.08.13"]
[EventType "swiss"]
[EventRounds "9"]
[EventCountry "ENG"]
[SourceTitle "BritBase"]
[Source "John Saunders"]
[SourceDate "2025.08.18"]
[SourceVersion "1"]
[SourceVersionDate "2025.08.18"]
[SourceQuality "1"]

1. e4 c5 2. Nc3 Nc6 3. Bb5 Nd4 4. Bc4 e6 5. Nge2 a6 6. a4 d6 7. O-O Nf6 8. d3 Nxe2+ 9. Qxe2 Be7 10. f4 d5 11. Ba2 d4 12. Nd1 b5 13. Bd2 Bb7 14. Nf2 h5 15. Nh3 Ng4 16. f5 e5 17. Rf3 Bf6 18. b4 cxb4 19. axb5 a5 20. Bb3 O-O 21. Nf2 Bh4 22. Nxg4 hxg4 23. Rff1 Bg5 24. f6 Bxf6 25. Qxg4 Bc8 26. Qh5 Be6 27. Rf3 g6 28. Rg3 Bxb3 29. cxb3 Bg7 30. Qg4 Rc8 31. h4 Rc2 32. Qd1 Rc8 33. h5 Re8 34. hxg6 f6 35. Qh5 Kf8 36. Bh6 Qe7 37. Rxa5 Rc3 38. Rh3 Rxb3 39. Bxg7+ Qxg7 40. Qh8+ Qxh8 41. Rxh8+ Ke7 42. Ra7+ 1-0

[Event "Mindsports Open 5th"]
[Site "London"]
[Date "2025.08.15"]
[Round "4.47"]
[White "Mittal, Aditya"]
[Black "Bevis, Noah"]
[Result "0-1"]
[WhiteElo "1927"]
[BlackElo "1966"]
[PlyCount "64"]
[EventDate "2025.08.13"]
[EventType "swiss"]
[EventRounds "9"]
[EventCountry "ENG"]
[SourceTitle "BritBase"]
[Source "John Saunders"]
[SourceDate "2025.08.18"]
[SourceVersion "1"]
[SourceVersionDate "2025.08.18"]
[SourceQuality "1"]

1. e4 c5 2. c3 Nf6 3. e5 Nd5 4. Nf3 Nc6 5. Bc4 Nb6 6. Bb3 d6 7. exd6 Qxd6 8. a4 Be6 9. Na3 a6 10. O-O Bxb3 11. Qxb3 Qc7 12. d4 cxd4 13. cxd4 e6 14. Bf4 Qxf4 15. Qxb6 Rb8 16. Nc4 Be7 17. Nce5 Bd8 18. Qc5 Be7 19. Qb6 Bd8 20. Qc5 Be7 21. Qc1 Nxd4 22. Qxf4 Ne2+ 23. Kh1 Nxf4 24. Rac1 Nd5 25. Rfe1 Rd8 26. Nc4 O-O 27. Na5 Bb4 28. Nxb7 Rb8 29. Nc5 Bxe1 30. Rxe1 Rxb2 31. Nxa6 Rc8 32. Nd4 Rb6 0-1

[Event "Mindsports Open 5th"]
[Site "London"]
[Date "2025.08.15"]
[Round "4.48"]
[White "Li, Harvey"]
[Black "Kilambi, Venkata Ananth Aksh"]
[Result "1/2-1/2"]
[WhiteElo "1870"]
[BlackElo "1936"]
[PlyCount "72"]
[EventDate "2025.08.13"]
[EventType "swiss"]
[EventRounds "9"]
[EventCountry "ENG"]
[SourceTitle "BritBase"]
[Source "John Saunders"]
[SourceDate "2025.08.18"]
[SourceVersion "1"]
[SourceVersionDate "2025.08.18"]
[SourceQuality "1"]

1. d4 d5 2. c4 e6 3. Nc3 Nf6 4. cxd5 exd5 5. Bg5 c6 6. e3 Bd6 7. Bd3 O-O 8. Qc2 h6 9. Bh4 Re8 10. Nge2 a5 11. h3 Na6 12. a3 Nc7 13. O-O Ne6 14. Rad1 Bd7 15. Rfe1 Ng5 16. Bg3 Qb8 17. Bxd6 Qxd6 18. Nf4 Nge4 19. Bxe4 Nxe4 20. f3 Ng3 21. Qf2 Nf5 22. Nd3 Qe7 23. e4 dxe4 24. fxe4 Nd6 25. e5 Nc4 26. Ne4 Be6 27. Qg3 Kh8 28. Nf4 Nxb2 29. Rb1 Nc4 30. Nh5 Rg8 31. Rb3 Bf5 32. Nd6 Nxd6 33. exd6 Qg5 34. Qxg5 hxg5 35. Rxb7 Rad8 36. Re5 Bg6 1/2-1/2

[Event "Mindsports Open 5th"]
[Site "London"]
[Date "2025.08.15"]
[Round "4.49"]
[White "Golub, Nikolina"]
[Black "Ganguly, Aryaman"]
[Result "1/2-1/2"]
[WhiteElo "1933"]
[BlackElo "1824"]
[PlyCount "71"]
[EventDate "2025.08.13"]
[EventType "swiss"]
[EventRounds "9"]
[EventCountry "ENG"]
[SourceTitle "BritBase"]
[Source "John Saunders"]
[SourceDate "2025.08.18"]
[SourceVersion "1"]
[SourceVersionDate "2025.08.18"]
[SourceQuality "1"]

1. d4 d5 2. c4 e6 3. Nf3 Nf6 4. g3 Be7 5. Bg2 O-O 6. O-O b6 7. Qc2 Bb7 8. cxd5 exd5 9. Bf4 c5 10. Nc3 Nbd7 11. Nb5 Ne4 12. Nd2 Nxd2 13. Qxd2 Nf6 14. Rfd1 Qd7 15. a4 a6 16. Nc3 Rad8 17. a5 b5 18. dxc5 Bxc5 19. Be5 Bxf2+ 20. Kxf2 Ng4+ 21. Kg1 Nxe5 22. Nxd5 Bxd5 23. Bxd5 Qa7+ 24. Qd4 Qxd4+ 25. Rxd4 Rd7 26. Rad1 Rfd8 27. e3 Re8 28. Kf2 Kf8 29. h3 Ke7 30. Ke2 Rc8 31. R1d2 f6 32. e4 Nc6 33. Bxc6 Rxd4 34. Rxd4 Rxc6 35. b4 Rc3 36. Kf2 1/2-1/2

[Event "Mindsports Open 5th"]
[Site "London"]
[Date "2025.08.15"]
[Round "4.50"]
[White "Rice, Leah"]
[Black "White, Stuart A"]
[Result "0-1"]
[WhiteElo "1979"]
[BlackElo "2095"]
[PlyCount "112"]
[EventDate "2025.08.13"]
[EventType "swiss"]
[EventRounds "9"]
[EventCountry "ENG"]
[SourceTitle "BritBase"]
[Source "John Saunders"]
[SourceDate "2025.08.18"]
[SourceVersion "1"]
[SourceVersionDate "2025.08.18"]
[SourceQuality "1"]

1. Nf3 Nf6 2. e3 c5 3. b3 g6 4. Bb2 Bg7 5. Be2 O-O 6. c4 d5 7. O-O Nc6 8. cxd5 Qxd5 9. Nc3 Qf5 10. Bb5 Bd7 11. Re1 Rfd8 12. d3 a6 13. e4 Qh5 14. Bxc6 Bxc6 15. Qc2 Ng4 16. Ne2 Ne5 17. Nxe5 Bxe5 18. Ng3 Bxg3 19. hxg3 f6 20. e5 Qf5 21. Qc4+ Rd5 22. exf6 exf6 23. Re7 Rf8 24. Qh4 g5 25. Qh6 Qg6 26. Qxg6+ hxg6 27. Re6 Kg7 28. Rd1 Bd7 29. Re3 Bf5 30. f3 g4 31. Kf2 Rf7 32. Ke2 Rfd7 33. Bc1 g5 34. Rd2 Kg6 35. Bb2 b5 36. Bc3 Rh7 37. Kd1 Rh1+ 38. Ke2 b4 39. Bb2 Kf7 40. Kf2 Rb1 41. Ke2 Rd8 42. Rc2 Rg1 43. Kf2 Rd1 44. Rxc5 Bxd3 45. Rc7+ Kf8 46. Rxd3 R8xd3 47. Bxf6 R1d2+ 48. Ke1 gxf3 49. gxf3 Rxa2 50. Bxg5 Rxb3 51. Bh6+ Ke8 52. g4 Rxf3 53. Bd2 Rb3 54. g5 Rb1+ 55. Bc1 Raa1 56. Kd1 Rxc1+ 0-1

[Event "Mindsports Open 5th"]
[Site "London"]
[Date "2025.08.15"]
[Round "4.51"]
[White "Aleksenko, Maksim"]
[Black "Avadhoot, Lokesh Bhakti Brahm"]
[Result "0-1"]
[WhiteElo "1893"]
[BlackElo "2049"]
[PlyCount "66"]
[EventDate "2025.08.13"]
[EventType "swiss"]
[EventRounds "9"]
[EventCountry "ENG"]
[SourceTitle "BritBase"]
[Source "John Saunders"]
[SourceDate "2025.08.18"]
[SourceVersion "1"]
[SourceVersionDate "2025.08.18"]
[SourceQuality "1"]

1. e4 c5 2. Nf3 d6 3. d4 cxd4 4. Nxd4 Nf6 5. Nc3 a6 6. h3 Nc6 7. g4 g6 8. Be3 Nxd4 9. Qxd4 Bg7 10. O-O-O O-O 11. Qd2 b5 12. e5 b4 13. Nb1 Ne8 14. exd6 Nxd6 15. Qxb4 Bb7 16. Rg1 Bf3 17. Bb6 Qc8 18. Re1 Rb8 19. Re3 Qc6 20. Rb3 Bd5 21. Qc5 Rfc8 22. Qxc6 Rxc6 23. Ba7 Bxb3 24. Bxb8 Rxc2+ 25. Kd1 Rxb2+ 26. Kc1 Bxa2 27. Bd3 Rxb8 28. Nd2 a5 29. Rg3 a4 30. Bc2 a3 31. Re3 Be6 32. f4 a2 33. Nb3 Bxb3 0-1

[Event "Mindsports Open 5th"]
[Site "London"]
[Date "2025.08.16"]
[Round "5.1"]
[White "Clarke, Brandon G I"]
[Black "Urkedal, Frode Olav Olsen"]
[Result "1/2-1/2"]
[WhiteElo "2491"]
[BlackElo "2558"]
[PlyCount "42"]
[EventDate "2025.08.13"]
[EventType "swiss"]
[EventRounds "9"]
[EventCountry "ENG"]
[SourceTitle "BritBase"]
[Source "John Saunders"]
[SourceDate "2025.08.18"]
[SourceVersion "1"]
[SourceVersionDate "2025.08.18"]
[SourceQuality "1"]

1. e4 e5 2. Nf3 Nc6 3. d4 exd4 4. Bc4 Nf6 5. O-O Nxe4 6. Re1 d5 7. Bxd5 Qxd5 8. Nc3 Qh5 9. Nxe4 Be6 10. Bg5 Bd6 11. h4 h6 12. Nxd6+ cxd6 13. Bf4 Qd5 14. c3 O-O 15. Nxd4 Nxd4 16. Qxd4 Qxd4 17. cxd4 Rfc8 18. Bxd6 Rc2 19. d5 Bxd5 20. Be5 Re8 21. Bc3 Rxe1+ 1/2-1/2

[Event "Mindsports Open 5th"]
[Site "London"]
[Date "2025.08.16"]
[Round "5.2"]
[White "Czopor, Maciej"]
[Black "Levin, Guy"]
[Result "1-0"]
[WhiteElo "2434"]
[BlackElo "2464"]
[PlyCount "59"]
[EventDate "2025.08.13"]
[EventType "swiss"]
[EventRounds "9"]
[EventCountry "ENG"]
[SourceTitle "BritBase"]
[Source "John Saunders"]
[SourceDate "2025.08.18"]
[SourceVersion "1"]
[SourceVersionDate "2025.08.18"]
[SourceQuality "1"]

1. e4 e5 2. Nf3 Nf6 3. d4 Nxe4 4. Bd3 d5 5. Nxe5 Nd7 6. Nc3 Nxe5 7. dxe5 Nxc3 8. bxc3 Bc5 9. Qh5 Be6 10. O-O Qd7 11. a4 O-O-O 12. a5 a6 13. Bg5 Rde8 14. Qf3 Bg4 15. Qg3 f6 16. exf6 gxf6 17. Be3 Rhg8 18. Bxc5 Bh3 19. gxh3 Qxh3 20. Rae1 Rxg3+ 21. fxg3 Rxe1 22. Rxe1 Qg4 23. Rf1 Qg5 24. Bd4 Kd7 25. Rf4 Qh5 26. Rxf6 Qd1+ 27. Kg2 c5 28. Bxc5 Qd2+ 29. Rf2 Qxc3 30. Bb6 1-0

[Event "Mindsports Open 5th"]
[Site "London"]
[Date "2025.08.16"]
[Round "5.3"]
[White "Balaji, Aaravamudhan"]
[Black "Feuerstack, Aljoscha"]
[Result "1/2-1/2"]
[WhiteElo "2394"]
[BlackElo "2449"]
[PlyCount "73"]
[EventDate "2025.08.13"]
[EventType "swiss"]
[EventRounds "9"]
[EventCountry "ENG"]
[SourceTitle "BritBase"]
[Source "John Saunders"]
[SourceDate "2025.08.18"]
[SourceVersion "1"]
[SourceVersionDate "2025.08.18"]
[SourceQuality "1"]

1. d4 d5 2. c4 c6 3. Nf3 Nf6 4. Nc3 dxc4 5. a4 Bf5 6. e3 e6 7. Bxc4 Bb4 8. O-O O-O 9. Qb3 a5 10. Na2 Bd6 11. Qxb7 Nbd7 12. Qb3 Ne4 13. Nc3 e5 14. Rd1 Nxf2 15. Kxf2 Rb8 16. Qa2 e4 17. Qb1 Nb6 18. Bf1 Nd5 19. Nxe4 Nb4 20. Bd2 Re8 21. Bxb4 Bxe4 22. Bd3 Bxd3 23. Rxd3 Rxb4 24. Qc2 Qb8 25. b3 c5 26. Kg1 cxd4 27. exd4 Rc8 28. Qd1 Qb7 29. Ra2 Rb8 30. Rc2 h6 31. Rcc3 Qd5 32. Qc2 Kh7 33. Re3+ g6 34. Qd3 Bf4 35. Re4 Bd6 36. Re3 Bf4 37. Re4 1/2-1/2

[Event "Mindsports Open 5th"]
[Site "London"]
[Date "2025.08.16"]
[Round "5.4"]
[White "Hobson, Kenneth"]
[Black "Janik, Igor"]
[Result "1/2-1/2"]
[WhiteElo "2361"]
[BlackElo "2519"]
[PlyCount "42"]
[EventDate "2025.08.13"]
[EventType "swiss"]
[EventRounds "9"]
[EventCountry "ENG"]
[SourceTitle "BritBase"]
[Source "John Saunders"]
[SourceDate "2025.08.18"]
[SourceVersion "1"]
[SourceVersionDate "2025.08.18"]
[SourceQuality "1"]

1. e4 c5 2. Nf3 g6 3. d4 cxd4 4. Qxd4 Nf6 5. Nc3 Nc6 6. Qa4 d6 7. e5 dxe5 8. Nxe5 Bg7 9. Bb5 O-O 10. Nxc6 bxc6 11. Bxc6 Bd7 12. O-O Bxc6 13. Qxc6 Rc8 14. Qa4 Qb6 15. Qa3 Qb7 16. h3 Rc6 17. Be3 a6 18. Rfd1 Rfc8 19. Rd3 Bf8 20. Rad1 Qc7 21. Qa4 h5 1/2-1/2